00254nam a2200109Ia 4500100001500000654001600015245004000031260003200071082001500103300001400118546001200132 aGupta/C.B  astatistical aIntroduction to Statistical methods bVikas pub.aNew Delhic1987 a519.5bGUP a758 XXVII aENGLISH